Statystyki dla Urządzenia Elektroniczne

Kliknij tutaj aby rozwiązać quiz!

Ogólne statystyki

  • Ten quiz został rozwiązany 127 razy
  • Średni wynik to 10 z 11

Statystyki odpowiedzi

Odpowiedź% Poprawnych
Pralka
100%
Telewizor
99%
Mikrofon
94%
Komputer
93%
Żarówka
93%
Lodówka
92%
Radio
92%
Piekarnik
90%
Mikrofalówka
82%
Smartfon
79%
Drukarka
62%

Rozkład punktacji

Percentyl według liczby udzielonych odpowiedzi

Procent ludzi z każdym wynikiem

Twoja historia wyników

Nie rozwiązałeś tego quizu